000 01213nji a22002897a 4500
005 20100916114734.0
006 a|||||r|||||00| 0
007 sd ammalaaahaa
008 100830t xxu||||| |||| 00| 0 eng d
028 _a3AEX.5004
_bOdeon
035 _aGR-02528
040 _aSED
_cSED
100 _917455
_aMukesh
245 _aJis desh mein ganga behti hai /
_csung by Mukesh...[et.al]; music by Shankar Jaikishan; lyric by Shailendra
_h[sound recording] :
246 _aजिस देश में गंगा बहती है /
260 _aDum Dum, India
_bOdeon
300 _a1 sound disc [Gramophone Recording]:
_banalog, 33 1/3 rpm
_c12.5 in. (LP)
_fGramophone Record
500 _aBrief Record
500 _aRecord labels : Odeon, Black
505 _aSide-1 मेरा नाम राजू (Mera naam Raju) (Mukesh) Side-2 हम भी हैं तुम भी हो (Ham bhi hain tum bhi ho) (Lata Mangeshkar)
600 _aMukesh
_919590
650 _aHindi Film Songs
_zIndia
_91186
_xExcerpts
700 _aShankar Jaikishan
_920292
700 _aShailendra
_920304
942 _2ddc
_cGR
999 _c46127
_d46127